000 01114nam a2200301 i 4500
003 EG-GICUC
005 20260121101331.0
008 251122s1972 ua ||||fr|||| 00| 0 ara d
017 _a1971/4543
040 _a EG-GICUC
_bara
_c EG-GICUC
_d EG-GICUC
_erda
041 0 _aara
082 0 4 _221
_a345.4551
_bم ح . م
092 0 4 _221
099 _aLaw1 07 345.4551 م ح . م 1972
100 0 _aمحمود منصور
_eمؤلف.
245 1 0 _aمنازعات العاملين بالقطاع العام :
_bالشكلية والموضوعية.
_nالجزء الثاني /
_cمحمود منصور.
264 1 _aالقاهرة :
_bدار النهضة العربية،
_c1972.
300 _a853 ؛ صفحة
_c24 سم.
336 _2rda content
_atext
337 _2rda media
_aComputer
338 _2rda carrier
_aOnline Resource
546 _aالنص باللغة العربية
650 1 4 _aالقانون الإداري
650 1 4 _aتاديب العاملين بالقطاع العام
856 4 0 _uhttps://fll.law.cu.edu.eg/fulltext/bks/B07-01172.pdf
905 _a32
_eYara
942 _2ddc
_cBK
_e21
_n0
999 _c45309
_d45309